Statistisk arsbok för Sverige 1991

Na minha lista:
Detalhes bibliográficos
Formato: Livro
Idioma:sueco
Publicado em: Stockholm Statistiska centralbyran 1990
Tags: Adicionar Tag
Sem tags, seja o primeiro a adicionar uma tag!

MARC

LEADER 00000nam a2200000 4500
001 c021975
005 20260327114543.9
041 0 |a swe 
044 |a SE 
245 1 0 |a Statistisk arsbok för Sverige 1991 
264 1 |a Stockholm  |b Statistiska centralbyran  |c 1990 
300 |a 563 s.